[Event "SR 2. liga A 2018/2019"]
[Site "?"]
[Date "2018.11.18"]
[Round "4.1"]
[White "Pechac, Jergus"]
[Black "Federic, Jozef"]
[Result "1-0"]
[WhiteElo "2449"]
[BlackElo "2213"]
[PlyCount "109"]
[EventDate "2018.??.??"]
[WhiteTeam "SK Osuske B"]
[BlackTeam "SK Modra B"]

1. d4 d5 2. c4 e6 3. Nf3 Nf6 4. Nc3 Be7 5. Bf4 O-O 6. e3 c6 7. Bd3 Nbd7 8. O-O
dxc4 9. Bxc4 Nd5 10. Bg3 Nxc3 11. bxc3 b6 12. e4 Bb7 13. Qe2 Nf6 14. Rad1 Qc8
15. Bd3 Rd8 16. Rfe1 c5 17. d5 exd5 18. exd5 Bd6 19. Bxd6 Rxd6 20. c4 Qf8 21.
Qe7 Rd7 22. Qxf8+ Kxf8 23. a4 Re8 24. Ne5 Rd6 25. f4 Re7 26. a5 g6 27. Ra1 b5
28. cxb5 Nxd5 29. a6 Ba8 30. Nc4 Rde6 31. Rxe6 Rxe6 32. g3 Nc3 33. Ne5 Rd6 34.
Bf1 f6 35. Nc4 Re6 36. b6 axb6 37. a7 Nb5 38. Ra6 Nc7 39. Rxb6 Rxb6 40. Nxb6
Ke7 41. Nxa8 Nxa8 42. Kf2 Kd6 43. Bg2 Nb6 44. Ke3 g5 45. a8=Q Nxa8 46. Bxa8
gxf4+ 47. Kxf4 c4 48. Be4 h6 49. Kf5 Ke7 50. Kg6 Ke6 51. Kxh6 f5 52. Bb1 Kf6
53. h4 c3 54. h5 f4 55. gxf4 1-0

[Event "SR 2. liga A 2018/2019"]
[Site "?"]
[Date "2018.11.18"]
[Round "4.2"]
[White "Mydlarik, Martin"]
[Black "Cajka, Tibor"]
[Result "0-1"]
[WhiteElo "2110"]
[BlackElo "2116"]
[PlyCount "68"]
[EventDate "2018.??.??"]
[WhiteTeam "SK Modra B"]
[BlackTeam "SK Osuske B"]

1. c4 Nf6 2. Nc3 e5 3. g3 d5 4. cxd5 Nxd5 5. Bg2 Be6 6. Nf3 Nc6 7. d3 Be7 8.
O-O O-O 9. Bd2 Nb6 10. Be3 Nd5 11. Bd2 h6 12. Rc1 Nxc3 13. Bxc3 e4 14. dxe4
Qxd1 15. Rfxd1 Bxa2 16. Ne5 Nb8 17. Nd3 Bb3 18. Re1 a5 19. e5 c6 20. f4 a4 21.
f5 Rd8 22. h4 Na6 23. Ba5 Rd4 24. Bc3 Rc4 25. e6 fxe6 26. e4 Bc5+ 27. Nxc5 Nxc5
28. fxe6 Nd3 29. Bf1 Rxc3 30. bxc3 Nxc1 31. Rxc1 a3 32. Bd3 a2 33. Ra1 Bxe6 34.
Kf2 Ra3 0-1

[Event "SR 2. liga A 2018/2019"]
[Site "?"]
[Date "2018.11.18"]
[Round "4.3"]
[White "Hecko, Dusan"]
[Black "Bochnicka, Vladimir ml"]
[Result "1/2-1/2"]
[WhiteElo "2064"]
[BlackElo "2047"]
[PlyCount "105"]
[EventDate "2018.??.??"]
[WhiteTeam "SK Osuske B"]
[BlackTeam "SK Modra B"]

1. c4 e5 2. Nc3 Nf6 3. Nf3 Nc6 4. g3 d5 5. cxd5 Nxd5 6. Bg2 Nb6 7. d3 Be7 8.
O-O O-O 9. b3 Be6 10. Bb2 f6 11. Rc1 Qd7 12. Ne4 Nd5 13. d4 f5 14. Nc5 Bxc5 15.
dxc5 e4 16. Nd4 Rad8 17. Nxc6 bxc6 18. Qc2 Qe7 19. Ba3 Rd7 20. Rfd1 Rfd8 21. e3
Bf7 22. Rd4 Bh5 23. Qc4 Qf6 24. Rc2 Bf7 25. Qe2 Bg6 26. Bb2 Qf7 27. Rcd2 Qe6
28. Qd1 Be8 29. a3 Qh6 30. b4 a6 31. Qe2 Ra8 32. f3 Rad8 33. fxe4 Qxe3+ 34.
Qxe3 Nxe3 35. Rxd7 Rxd7 36. Rxd7 Bxd7 37. exf5 Nxg2 38. Kxg2 Bxf5 39. Kf3 h5
40. Kf4 g6 41. Ke5 Kf7 42. Bc1 Ke7 43. Bg5+ Kd7 44. Kf6 Ke8 45. Bf4 Kd7 46. Be5
Bd3 47. Kg5 Bf5 48. Kf4 Ke6 49. Bxc7 Kd5 50. Ba5 Kc4 51. Ke5 Kb5 52. Kd6 Bc2
53. Kc7 1/2-1/2

[Event "SR 2. liga A 2018/2019"]
[Site "?"]
[Date "2018.11.18"]
[Round "4.4"]
[White "Sobek, Michal"]
[Black "Gzib, David"]
[Result "0-1"]
[WhiteElo "2010"]
[BlackElo "2010"]
[PlyCount "110"]
[EventDate "2018.??.??"]
[WhiteTeam "SK Modra B"]
[BlackTeam "SK Osuske B"]

1. e4 c5 2. Nf3 Nc6 3. d4 cxd4 4. Nxd4 g6 5. Nc3 Bg7 6. Be3 Nf6 7. Bc4 Qa5 8.
O-O O-O 9. h3 Qb4 10. Bb3 Nxd4 11. a3 Qa5 12. Bxd4 d6 13. Qf3 Qh5 14. Nd5 Qxf3
15. Nxe7+ Kh8 16. gxf3 Bxh3 17. Rfd1 Be6 18. Nd5 Nxd5 19. Bxd5 Bxd5 20. Bxg7+
Kxg7 21. Rxd5 Rac8 22. c3 Rc6 23. Rad1 Rb6 24. R1d2 Kf6 25. Rxd6+ Rxd6 26.
Rxd6+ Ke7 27. Rd5 Rc8 28. Ra5 a6 29. Re5+ Kd6 30. Rd5+ Ke7 31. Rd4 Rc6 32. Kg2
Rb6 33. b4 Rc6 34. c4 h5 35. c5 Rc7 36. Kg3 Rd7 37. Rxd7+ Kxd7 38. a4 Kc6 39.
f4 a5 40. bxa5 Kxc5 41. f5 gxf5 42. exf5 Kb4 43. Kh4 Kxa5 44. Kxh5 Kxa4 45. Kh6
b5 46. Kg7 b4 47. Kxf7 b3 48. Kg7 b2 49. f6 b1=Q 50. f7 Qg1+ 51. Kf8 Kb5 52. f4
Kc6 53. f5 Kd7 54. f6 Ke6 55. Ke8 Qg6 0-1

[Event "SR 2. liga A 2018/2019"]
[Site "?"]
[Date "2018.11.18"]
[Round "4.5"]
[White "Nemeckay, Rastislav"]
[Black "Bochnickova, Andrea"]
[Result "0-1"]
[WhiteElo "1964"]
[BlackElo "2103"]
[PlyCount "98"]
[EventDate "2018.??.??"]
[WhiteTeam "SK Osuske B"]
[BlackTeam "SK Modra B"]

1. e4 c5 2. Nf3 e6 3. b3 d6 4. Bb2 Nf6 5. Bb5+ Bd7 6. Qe2 a6 7. Bxd7+ Nbxd7 8.
e5 dxe5 9. Nxe5 Be7 10. O-O Nxe5 11. Bxe5 O-O 12. d3 Nd7 13. Bb2 Bf6 14. Bxf6
Nxf6 15. Nd2 Qd4 16. Nf3 Qg4 17. h3 Qh5 18. Qe5 Qxe5 19. Nxe5 Rfd8 20. a4 b6
21. Rfe1 Nd5 22. Kf1 Nb4 23. Re2 f6 24. Nc4 b5 25. Ne3 e5 26. Ke1 g6 27. axb5
axb5 28. Rxa8 Rxa8 29. Kd2 Ra2 30. g3 Kf7 31. f4 exf4 32. gxf4 Nc6 33. Rf2 Nd4
34. Kc3 Ke6 35. Rh2 b4+ 36. Kc4 Kd6 37. Rg2 Rb2 38. c3 bxc3 39. Kxc3 Rxb3+ 40.
Kd2 Rb2+ 41. Kc3 Rxg2 42. Nxg2 Ne2+ 43. Kd2 Ng1 44. h4 Nf3+ 45. Ke3 Nd4 46. Ke4
Nf5 47. Kf3 Kd5 48. Ke2 Kd4 49. Kd2 h5 0-1

[Event "SR 2. liga A 2018/2019"]
[Site "?"]
[Date "2018.11.18"]
[Round "4.6"]
[White "Sandor, Martin"]
[Black "Diviak, Rastislav"]
[Result "1/2-1/2"]
[WhiteElo "2014"]
[BlackElo "1968"]
[PlyCount "64"]
[EventDate "2018.??.??"]
[WhiteTeam "SK Modra B"]
[BlackTeam "SK Osuske B"]

1. e4 d6 2. d4 Nf6 3. Nc3 g6 4. Nf3 Bg7 5. Be2 O-O 6. O-O c6 7. Bf4 Nbd7 8. Re1
Qa5 9. Qd2 e5 10. dxe5 dxe5 11. Bh6 Re8 12. a3 Nf8 13. Rad1 Bg4 14. Be3 Rad8
15. Qc1 Ne6 16. Rxd8 Rxd8 17. Nd2 Nd4 18. Nb3 Qc7 19. f3 Bc8 20. Rd1 Nh5 21.
Kh1 b6 22. Bc4 Be6 23. Bxe6 Nxe6 24. Ne2 Qe7 25. Rxd8+ Qxd8 26. g3 Bf6 27. Kg2
Bg5 28. Bxg5 Nxg5 29. Qd2 Qf6 30. Qe3 Qd8 31. Qd2 Qf6 32. Qe3 Qd8 1/2-1/2

[Event "SR 2. liga A 2018/2019"]
[Site "?"]
[Date "2018.11.18"]
[Round "4.7"]
[White "Pericka, Tomas"]
[Black "Antol, Ladislav"]
[Result "1-0"]
[WhiteElo "1942"]
[BlackElo "1976"]
[PlyCount "75"]
[EventDate "2018.??.??"]
[WhiteTeam "SK Osuske B"]
[BlackTeam "SK Modra B"]

1. e4 c5 2. Nf3 d6 3. Bb5+ Bd7 4. Qe2 Nc6 5. c3 e5 6. O-O Nf6 7. Rd1 Be7 8. d4
Qc7 9. Nbd2 a6 10. Ba4 b5 11. Bb3 Bg4 12. dxc5 dxc5 13. h3 Bh5 14. Nf1 O-O 15.
Bg5 Rfd8 16. Bxf6 Bxf6 17. Bd5 c4 18. g4 Bg6 19. h4 h6 20. g5 Be7 21. Ng3 Kf8
22. gxh6 gxh6 23. Qe3 Kg7 24. Kh1 f6 25. h5 Bh7 26. Rg1 Bf8 27. Nf5+ Kh8 28.
Nxh6 Rxd5 29. exd5 Nd8 30. Nh4 Qd7 31. Ng6+ Bxg6 32. hxg6 Bg7 33. Rad1 Nb7 34.
Rg4 Bxh6 35. Qxh6+ Kg8 36. Qh7+ Qxh7+ 37. gxh7+ Kxh7 38. Kg2 1-0

[Event "SR 2. liga A 2018/2019"]
[Site "?"]
[Date "2018.11.18"]
[Round "4.8"]
[White "Kundrak, Vladimir"]
[Black "Ulehla, Jakub"]
[Result "1/2-1/2"]
[WhiteElo "1905"]
[BlackElo "1653"]
[PlyCount "83"]
[EventDate "2018.??.??"]
[WhiteTeam "SK Modra B"]
[BlackTeam "SK Osuske B"]

1. b3 d5 2. Bb2 Nf6 3. e3 Bf5 4. Nf3 e6 5. Be2 Bd6 6. O-O O-O 7. Nh4 Bg6 8.
Nxg6 fxg6 9. d3 Nbd7 10. Nd2 Nc5 11. Bf3 c6 12. Qe2 Qc7 13. g3 Rae8 14. e4 e5
15. c3 Kh8 16. Bg2 a5 17. Rad1 h6 18. Rfe1 Kh7 19. Nf1 Ne6 20. Qc2 Bc5 21. exd5
cxd5 22. d4 exd4 23. cxd4 Bb6 24. Qxc7 Nxc7 25. Ne3 Kh8 26. Ba3 Rf7 27. Bd6 Rd7
28. Be5 Ree7 29. a4 Re8 30. Rc1 Ree7 31. Bh3 Rd8 32. Bg2 Rdd7 33. Bh3 Rd8 34.
Ng4 Nxg4 35. Bxg4 Kh7 36. Red1 Ne6 37. Bf3 Nc7 38. Rc2 Rdd7 39. Bg4 Rd8 40.
Rdc1 Ne6 41. Bxe6 Rxe6 42. Bc7 1/2-1/2

[Event "SR 2. liga A 2018/2019"]
[Site "?"]
[Date "2018.11.18"]
[Round "4.1"]
[White "Lintner, Igor"]
[Black "Hartl, Jan"]
[Result "1-0"]
[WhiteElo "2161"]
[BlackElo "2023"]
[PlyCount "85"]
[EventDate "2018.??.??"]
[WhiteTeam "SK Nafta Gbely"]
[BlackTeam "KS Pezinok"]

1. e4 e5 2. Nf3 Nc6 3. Bb5 a6 4. Ba4 Nf6 5. d3 Bc5 6. O-O d6 7. c3 Ba7 8. Nbd2
O-O 9. h3 b5 10. Bc2 d5 11. exd5 Qxd5 12. Ne4 Nxe4 13. dxe4 Qxd1 14. Rxd1 Be6
15. Ng5 Bc8 16. Kf1 Rb8 17. Ke2 Na5 18. Nf3 f6 19. b3 Be6 20. Ne1 Rfd8 21. Nd3
c5 22. Be3 Nb7 23. a4 bxa4 24. Rxa4 a5 25. b4 Bc4 26. bxa5 Ba6 27. Bb3+ Kf8 28.
Bd5 f5 29. f3 Bb5 30. Rda1 Bxa4 31. Rxa4 f4 32. Bc1 Nd6 33. Nxe5 Nb5 34. Kd3
Rbc8 35. Kc2 g5 36. h4 Bb8 37. Nc6 gxh4 38. Nxb8 Rxb8 39. Bxf4 Rbc8 40. Bb7 Rb8
41. a6 Na7 42. Be3 Rdc8 43. Ra5 1-0

[Event "SR 2. liga A 2018/2019"]
[Site "?"]
[Date "2018.11.18"]
[Round "4.3"]
[White "Pribila, Gerhard"]
[Black "Syrovy, Ivan"]
[Result "1-0"]
[WhiteElo "2135"]
[BlackElo "1992"]
[PlyCount "63"]
[EventDate "2018.??.??"]
[WhiteTeam "SK Nafta Gbely"]
[BlackTeam "KS Pezinok"]

1. e4 c5 2. c3 Nf6 3. e5 Nd5 4. Bc4 Nb6 5. Bb3 c4 6. Bc2 Nc6 7. Nf3 d5 8. O-O
Bg4 9. Re1 e6 10. d4 cxd3 11. Bxd3 Qc7 12. Bf4 O-O-O 13. h3 Bh5 14. Nbd2 f5 15.
a4 Be7 16. Qc2 h6 17. b4 g5 18. Be3 Bxf3 19. Nxf3 g4 20. hxg4 fxg4 21. Nd4 Nxd4
22. Bxd4 Kb8 23. a5 Nc4 24. Qa2 g3 25. fxg3 Rdf8 26. Bxc4 dxc4 27. Rf1 Rhg8 28.
Rxf8+ Bxf8 29. Qf2 a6 30. Rf1 Qg7 31. Qf7 Qxg3 32. Qe8+ 1-0

[Event "SR 2. liga A 2018/2019"]
[Site "?"]
[Date "2018.11.18"]
[Round "4.4"]
[White "Kosnac, Patrik"]
[Black "Ambros, Rafael"]
[Result "0-1"]
[WhiteElo "1957"]
[BlackElo "1965"]
[PlyCount "47"]
[EventDate "2018.??.??"]
[WhiteTeam "KS Pezinok"]
[BlackTeam "SK Nafta Gbely"]

1. d4 Nf6 2. Nf3 g6 3. c4 d6 4. Nc3 Bg7 5. e4 O-O 6. Be2 e5 7. dxe5 dxe5 8.
Qxd8 Rxd8 9. Bg5 Re8 10. O-O-O Na6 11. a3 h6 12. Bh4 c6 13. Rd6 Nh5 14. Rhd1
Be6 15. Nd2 Bf8 16. Rd3 Nf4 17. Rg3 g5 18. Bxg5 hxg5 19. Rxg5+ Bg7 20. Bf1 f6
21. Rg3 Nh5 22. Re3 Bh6 23. Ree1 Nc5 24. b4 0-1

[Event "SR 2. liga A 2018/2019"]
[Site "?"]
[Date "2018.11.18"]
[Round "4.5"]
[White "Brunovsky, Peter"]
[Black "Ondercin, Martin"]
[Result "0-1"]
[WhiteElo "1849"]
[BlackElo "1977"]
[PlyCount "154"]
[EventDate "2018.??.??"]
[WhiteTeam "SK Nafta Gbely"]
[BlackTeam "KS Pezinok"]

1. c4 Nf6 2. Nc3 b6 3. e4 e5 4. g3 Bb7 5. Bg2 Bc5 6. h3 Nc6 7. Nge2 O-O 8. O-O
Nd4 9. d3 Ne6 10. Kh2 g5 11. f4 gxf4 12. gxf4 exf4 13. d4 Be7 14. Nxf4 Kh8 15.
Be3 Rg8 16. Qe2 Ng5 17. Bf2 Qf8 18. d5 Qh6 19. Bd4 Bc5 20. Bxf6+ Qxf6 21. e5
Qh6 22. Nh5 Rae8 23. Nf6 Rxe5 24. Nxg8 Kxg8 25. Qg4 Bd6 26. Kh1 Qg6 27. Rae1 f5
28. Qh4 a6 29. Rxe5 Bxe5 30. Qf2 f4 31. h4 Nf7 32. Be4 Qh5 33. Rg1+ Kf8 34. Bf3
Qh6 35. Ne4 d6 36. b3 Bc8 37. h5 Bf5 38. Qh4 Bd4 39. Rg2 Bxe4 40. Bxe4 f3 41.
Bxf3 Qc1+ 42. Kh2 Be5+ 43. Kh3 Qh1+ 44. Kg4 Nh6+ 45. Kg5 Bf6+ 46. Kxh6 Qxh4 47.
Kxh7 Qh3 48. Rg8+ Kf7 49. Bg4 Qd3+ 50. Rg6 Bg7 51. Be6+ Kf8 52. h6 Be5 53. Bc8
a5 54. Bd7 Qc2 55. Be6 Ke7 56. a3 Bf6 57. b4 axb4 58. axb4 Qe4 59. b5 Kf8 60.
c5 bxc5 61. b6 cxb6 62. Bd7 c4 63. Be6 c3 64. Bf7 c2 65. Be6 c1=Q 66. Bf7 Qxg6+
67. Kxg6 Qc2+ 68. Kxf6 Qf2+ 69. Ke6 Qxf7+ 70. Kxd6 Qb7 71. Ke6 b5 72. d6 Ke8
73. Ke5 b4 74. Kd4 b3 75. Kc3 b2 76. d7+ Qxd7 77. Kxb2 Qh7 0-1

[Event "SR 2. liga A 2018/2019"]
[Site "?"]
[Date "2018.11.18"]
[Round "4.6"]
[White "Hulla, Stanislav"]
[Black "Bilovsky, Milan"]
[Result "1-0"]
[WhiteElo "1939"]
[BlackElo "1936"]
[PlyCount "87"]
[EventDate "2018.??.??"]
[WhiteTeam "KS Pezinok"]
[BlackTeam "SK Nafta Gbely"]

1. d4 d5 2. Nf3 e6 3. Bf4 c5 4. e3 Nc6 5. c3 Bd7 6. Nbd2 f5 7. Bd3 c4 8. Bc2
Nf6 9. Ne5 Nxe5 10. Bxe5 Be7 11. h3 b5 12. g4 O-O 13. gxf5 exf5 14. Rg1 Rf7 15.
Nf3 Ne4 16. Bf4 Bf6 17. Ne5 Re7 18. Qf3 Qb6 19. a3 a5 20. Qh5 Be6 21. f3 Nd6
22. Kd2 Rf8 23. Bg5 Ne8 24. Rg2 g6 25. Qh4 Bd7 26. Rag1 Qe6 27. Bxf6 Qxf6 28.
Rxg6+ hxg6 29. Rxg6+ Qxg6 30. Nxg6 Rh7 31. Qxh7+ Kxh7 32. Nxf8+ Kg7 33. Nxd7
Kg6 34. a4 b4 35. cxb4 axb4 36. a5 Nc7 37. Ba4 Kf7 38. Nb6 Ke6 39. Bc6 Kd6 40.
Bxd5 Nxd5 41. Nxd5 Kxd5 42. h4 f4 43. exf4 Kxd4 44. a6 1-0

[Event "SR 2. liga A 2018/2019"]
[Site "?"]
[Date "2018.11.18"]
[Round "4.7"]
[White "Danada, Ondrej"]
[Black "Badura, Peter"]
[Result "1-0"]
[WhiteElo "1850"]
[BlackElo "1851"]
[PlyCount "135"]
[EventDate "2018.??.??"]
[WhiteTeam "SK Nafta Gbely"]
[BlackTeam "KS Pezinok"]

1. e4 c5 2. Nf3 d6 3. d4 cxd4 4. Nxd4 Nf6 5. Nc3 a6 6. Bg5 Qa5 7. Qd2 Bd7 8.
O-O-O Nc6 9. f4 h6 10. Bh4 g5 11. Nb3 Qb4 12. a3 Nxe4 13. Qe3 Nxc3 14. axb4
Nxd1 15. Kxd1 gxh4 16. Qb6 Rb8 17. Be2 Bg7 18. c3 O-O 19. Bf3 Rfc8 20. Re1 Bf6
21. Na5 Nd8 22. g4 Kf8 23. Qe3 b6 24. Nb3 a5 25. b5 Bxb5 26. g5 hxg5 27. fxg5
Be5 28. g6 f5 29. Qh6+ Bg7 30. Qg5 e5 31. Qxf5+ Ke7 32. Bd5 Bd7 33. Qg5+ Bf6
34. Qh6 Ne6 35. Qh7+ Ng7 36. Qh6 Ba4 37. Rf1 Rh8 38. Qe3 Be8 39. Qf2 Nh5 40. g7
Bxg7 41. Qxh4+ Bf6 42. Qe4 Ng7 43. Nd4 Bh5+ 44. Kc1 Rbf8 45. Nf5+ Kd7 46. Qa4+
Kd8 47. Nxg7 Bg5+ 48. Kc2 Rxf1 49. Nxh5 Rxh5 50. Be6 Rxh2+ 51. Kb3 Rh7 52. Qc6
Rg7 53. Qc8+ Ke7 54. Qd7+ Kf6 55. Qxd6 Re1 56. Bg4+ Kf7 57. Bh5+ Kg8 58. Bg6
Re7 59. Bf5 Rg7 60. Qe6+ Kf8 61. Bg6 Rxg6 62. Qxg6 Bf4 63. Qxb6 Ra1 64. c4 Ke7
65. c5 a4+ 66. Kb4 a3 67. Qd6+ Kf7 68. bxa3 1-0

[Event "SR 2. liga A 2018/2019"]
[Site "?"]
[Date "2018.11.18"]
[Round "4.8"]
[White "Scepan, Juraj"]
[Black "Zajicek, Ferdinand"]
[Result "1-0"]
[WhiteElo "1726"]
[BlackElo "1727"]
[PlyCount "93"]
[EventDate "2018.??.??"]
[WhiteTeam "KS Pezinok"]
[BlackTeam "SK Nafta Gbely"]

1. e4 c5 2. Nf3 d6 3. d4 cxd4 4. Nxd4 Bd7 5. Be3 Nf6 6. Nc3 g6 7. Be2 Bg7 8. f4
O-O 9. Qd2 Nc6 10. O-O-O Nxd4 11. Bxd4 Bc6 12. Bf3 Qa5 13. Kb1 Rfd8 14. Qe2 Qc7
15. g4 Ne8 16. Bxg7 Nxg7 17. f5 Rab8 18. h4 h6 19. g5 h5 20. f6 Ne6 21. Nd5
Bxd5 22. exd5 exf6 23. dxe6 Re8 24. exf7+ Kxf7 25. Bd5+ Kf8 26. Qd3 f5 27. Rhe1
Qa5 28. Rxe8+ Rxe8 29. Qd4 Re5 30. Bxb7 Qc7 31. Bd5 Qa5 32. Bb3 Qc7 33. a3 Ke7
34. Qd2 a5 35. Re1 Qc5 36. Rxe5+ dxe5 37. Ba4 Qc7 38. Qd5 e4 39. Qg8 Qd8 40.
Qg7+ Kd6 41. Qxg6+ Ke5 42. Qxh5 e3 43. Bb5 Qd4 44. Qh8+ Ke4 45. Qxd4+ Kxd4 46.
g6 f4 47. g7 1-0

[Event "SR 2. liga A 2018/2019"]
[Site "?"]
[Date "2018.11.18"]
[Round "4.1"]
[White "Sahidi, Samir"]
[Black "Abel, Peter"]
[Result "1/2-1/2"]
[WhiteElo "2309"]
[BlackElo "2222"]
[PlyCount "120"]
[EventDate "2018.??.??"]
[WhiteTeam "SK Doprastav"]
[BlackTeam "SK Kupele Piestany"]

1. Nf3 Nf6 2. g3 g6 3. Bg2 Bg7 4. c4 c5 5. O-O O-O 6. d4 cxd4 7. Nxd4 Nc6 8.
Nc3 Qa5 9. Nc2 d6 10. Nd5 Nxd5 11. cxd5 Ne5 12. Bd2 Qb6 13. Bc3 Ng4 14. Bxg7
Kxg7 15. Qd4+ Qxd4 16. Nxd4 Bd7 17. h3 Nf6 18. Rfc1 Rfc8 19. e4 Rxc1+ 20. Rxc1
Rc8 21. Rxc8 Bxc8 22. f4 Ne8 23. Kf2 Nc7 24. Ke3 Kf8 25. g4 Bd7 26. Bf3 h6 27.
Be2 Kg7 28. Bc4 g5 29. Kf3 Kf6 30. Kg3 gxf4+ 31. Kxf4 e5+ 32. dxe6 fxe6 33. Nf3
e5+ 34. Ke3 Bc6 35. h4 Bd7 36. g5+ hxg5 37. Nxg5 Be8 38. Be2 d5 39. exd5 Nxd5+
40. Kd2 Nf4 41. Ne4+ Kg6 42. Bd3 Nxd3 43. Kxd3 Bb5+ 44. Ke3 Kh5 45. Ng5 Kxh4
46. Nf3+ Kg4 47. Nxe5+ Kf5 48. Nf7 Bc6 49. Kd4 Ke6 50. Ne5 Kd6 51. b4 Bd5 52.
a3 Ba2 53. Nf3 Be6 54. Nd2 Bd5 55. Nb1 Bc6 56. Nc3 Kc7 57. Ke5 Kb6 58. Kd6 a5
59. bxa5+ Kxa5 60. Kc5 Ka6 1/2-1/2

[Event "SR 2. liga A 2018/2019"]
[Site "?"]
[Date "2018.11.18"]
[Round "4.2"]
[White "Nemsak, Denis"]
[Black "Cech, Dominik"]
[Result "0-1"]
[WhiteElo "2007"]
[BlackElo "2169"]
[PlyCount "140"]
[EventDate "2018.??.??"]
[WhiteTeam "SK Kupele Piestany"]
[BlackTeam "SK Doprastav"]

1. c4 e5 2. Nc3 Nf6 3. g3 Bb4 4. Bg2 O-O 5. Nd5 Nxd5 6. cxd5 d6 7. e3 Nd7 8.
Ne2 Nf6 9. a3 Ba5 10. b4 Bb6 11. Qb3 Bf5 12. d3 Qd7 13. O-O a5 14. bxa5 Rxa5
15. Bd2 Ra7 16. Ra2 Rfa8 17. Rfa1 Qa4 18. Qb1 Qg4 19. Nc3 Qg6 20. e4 Bd7 21.
Nb5 Ra6 22. a4 Ne8 23. a5 Bc5 24. Nc3 Qf6 25. Be1 R8a7 26. Nb5 Bxb5 27. Qxb5 c6
28. Qb3 Qd8 29. h3 Nc7 30. Bb4 Bd4 31. Rc1 c5 32. Bc3 Bxc3 33. Qxc3 Nb5 34. Qb2
Rxa5 35. Rca1 Qb6 36. Rxa5 Rxa5 37. Rb1 Qa7 38. Bf1 c4 39. dxc4 Ra2 40. cxb5
Rxb2 41. Rxb2 Qa4 42. Bd3 f5 43. Rc2 fxe4 44. Rc8+ Kf7 45. Rc7+ Kf6 46. Bf1 Qa7
47. Rd7 Qb6 48. Bg2 e3 49. fxe3 Qxe3+ 50. Kh2 Qb6 51. h4 h6 52. Be4 Qxb5 53.
Rxd6+ Ke7 54. Re6+ Kd8 55. Kh3 Qb2 56. Rd6+ Kc7 57. Rg6 Qd4 58. d6+ Kd8 59.
Bxb7 Qd3 60. Rxg7 Qxd6 61. Be4 Qd4 62. Bf5 Ke8 63. Rg4 Qg1 64. Be4 h5 65. Rg5
Qf1+ 66. Bg2 Qe2 67. Rg7 e4 68. Rg5 e3 69. g4 hxg4+ 70. Rxg4 Qxg4+ 0-1

[Event "SR 2. liga A 2018/2019"]
[Site "?"]
[Date "2018.11.18"]
[Round "4.3"]
[White "Polacik, Igor"]
[Black "Manak, Jozef"]
[Result "1-0"]
[WhiteElo "2198"]
[BlackElo "1966"]
[PlyCount "81"]
[EventDate "2018.??.??"]
[WhiteTeam "SK Doprastav"]
[BlackTeam "SK Kupele Piestany"]

1. e4 c5 2. Nf3 d6 3. d4 cxd4 4. Nxd4 Nf6 5. Nc3 a6 6. h3 b5 7. g4 Bb7 8. Bg2
e6 9. a3 Qc7 10. Be3 Nc6 11. Nxc6 Bxc6 12. Qd4 Nd7 13. f4 e5 14. Qd2 exf4 15.
Bxf4 Ne5 16. O-O Rc8 17. Qf2 f6 18. Rae1 Be7 19. Ne2 O-O 20. Nd4 Bd7 21. Rd1
Qc5 22. c3 g6 23. Kh1 Qc4 24. Qg3 Kg7 25. Rf2 g5 26. Bc1 Rh8 27. Nc2 h5 28. Ne3
Qe6 29. Nf5+ Kg6 30. Kg1 hxg4 31. hxg4 Bf8 32. Rdf1 Bc6 33. Nd4 Qxg4 34. Rxf6+
Kh7 35. Qxg4 Nxg4 36. Rf7+ Kg6 37. Nxc6 d5 38. exd5 Bc5+ 39. Nd4 Bxd4+ 40. cxd4
Rxc1 41. Be4+ 1-0

[Event "SR 2. liga A 2018/2019"]
[Site "?"]
[Date "2018.11.18"]
[Round "4.4"]
[White "Manak, Adrian"]
[Black "Petrik, Stanislav"]
[Result "1/2-1/2"]
[WhiteElo "1949"]
[BlackElo "2140"]
[PlyCount "100"]
[EventDate "2018.??.??"]
[WhiteTeam "SK Kupele Piestany"]
[BlackTeam "SK Doprastav"]

1. e4 c5 2. Nf3 Nc6 3. d4 cxd4 4. Nxd4 g6 5. Nc3 Bg7 6. Be3 Nf6 7. f3 O-O 8.
Qd2 d5 9. exd5 Nxd5 10. Nxc6 bxc6 11. Bd4 e5 12. Bc5 Re8 13. O-O-O Be6 14. Ne4
Qb8 15. g4 Rd8 16. g5 Rd7 17. Qa5 Qd8 18. Qxd8+ Raxd8 19. Bc4 Nf4 20. Rxd7 Rxd7
21. Bxe6 Nxe6 22. Be3 Nd4 23. Bxd4 Rxd4 24. Rd1 Rxd1+ 25. Kxd1 h6 26. h4 hxg5
27. hxg5 Kf8 28. Kd2 Ke7 29. Kc3 Ke6 30. Kb4 Bf8+ 31. Ka5 Kf5 32. Ka6 Kf4 33.
Nd2 Kxg5 34. Kxa7 Kf4 35. Kb6 f5 36. a4 e4 37. fxe4 fxe4 38. Nxe4 Kxe4 39. a5
Bh6 40. c4 Be3+ 41. Kxc6 Kd3 42. Kd5 g5 43. a6 g4 44. c5 Bxc5 45. Kxc5 g3 46.
a7 g2 47. a8=Q g1=Q+ 48. Kd6 Qb6+ 49. Qc6 Qxc6+ 50. Kxc6 Kc4 1/2-1/2

[Event "SR 2. liga A 2018/2019"]
[Site "?"]
[Date "2018.11.18"]
[Round "4.5"]
[White "Orosi, Peter"]
[Black "Podjavorinsky, Michal"]
[Result "1-0"]
[WhiteElo "2062"]
[BlackElo "1910"]
[PlyCount "61"]
[EventDate "2018.??.??"]
[WhiteTeam "SK Doprastav"]
[BlackTeam "SK Kupele Piestany"]

1. d4 d5 2. c4 c6 3. Nc3 e6 4. e4 dxe4 5. Nxe4 Bb4+ 6. Nc3 Nf6 7. Nf3 O-O 8.
Bd3 c5 9. a3 Bxc3+ 10. bxc3 h6 11. g4 Qa5 12. g5 hxg5 13. Bxg5 Qxc3+ 14. Ke2
Qb2+ 15. Bc2 Ne4 16. Qd3 f5 17. Bd2 Nc6 18. Rhg1 Nxd4+ 19. Nxd4 Qxd4 20. Qxd4
cxd4 21. Bf4 Rd8 22. Bxe4 fxe4 23. Be5 Rd7 24. Rg4 b5 25. cxb5 d3+ 26. Kd2 Rf7
27. Rag1 Rxf2+ 28. Ke1 e3 29. Rxg7+ Kf8 30. Bd6+ Ke8 31. Re7+ 1-0

[Event "SR 2. liga A 2018/2019"]
[Site "?"]
[Date "2018.11.18"]
[Round "4.6"]
[White "Slaby, Jozef"]
[Black "Macka, Oto"]
[Result "0-1"]
[WhiteElo "1733"]
[BlackElo "2053"]
[PlyCount "48"]
[EventDate "2018.??.??"]
[WhiteTeam "SK Kupele Piestany"]
[BlackTeam "SK Doprastav"]

1. Nf3 e6 2. c4 f5 3. g3 Nf6 4. Bg2 Be7 5. d4 d6 6. Nc3 O-O 7. O-O a5 8. d5 e5
9. Ng5 Na6 10. Na4 Qe8 11. Ne6 Bxe6 12. dxe6 c6 13. Bd2 Bd8 14. a3 Qxe6 15. Qc2
Nd7 16. b4 axb4 17. axb4 e4 18. Rfd1 Bf6 19. Rab1 Nc7 20. Be3 Ne5 21. Nb6 Rad8
22. b5 g5 23. Qa4 Rf7 24. bxc6 bxc6 0-1

[Event "SR 2. liga A 2018/2019"]
[Site "?"]
[Date "2018.11.18"]
[Round "4.7"]
[White "Bednar, Jan"]
[Black "Musaev, Matej Elbek"]
[Result "1-0"]
[WhiteElo "2045"]
[BlackElo "1637"]
[PlyCount "85"]
[EventDate "2018.??.??"]
[WhiteTeam "SK Doprastav"]
[BlackTeam "SK Kupele Piestany"]

1. e4 c5 2. Nf3 d6 3. Bb5+ Bd7 4. Bxd7+ Nxd7 5. O-O Ngf6 6. Re1 e6 7. c3 Be7 8.
d4 O-O 9. Nbd2 Re8 10. Nf1 d5 11. Ng3 cxd4 12. e5 Ne4 13. cxd4 Nxg3 14. hxg3
Nb6 15. b3 Bb4 16. Bd2 Qe7 17. Ng5 h6 18. Nh3 Ba3 19. Rb1 a5 20. g4 Bb4 21. g5
Bxd2 22. Qxd2 h5 23. Re3 a4 24. g6 Rf8 25. Rg3 h4 26. Rg5 fxg6 27. Rxg6 Ra6 28.
Qh6 Rf5 29. Ng5 Rxg5 30. Qxg5 Qf7 31. Rf6 Qe7 32. Qg6 Nd7 33. Rf3 Nf8 34. Qd3
Nd7 35. bxa4 Rxa4 36. Rxb7 Rc4 37. Qb3 Qd8 38. Qb5 Nf8 39. Rb8 Rc8 40. Rxc8
Qxc8 41. Qc5 Qb8 42. Qe7 Qc8 43. Qf7+ 1-0

[Event "SR 2. liga A 2018/2019"]
[Site "?"]
[Date "2018.11.18"]
[Round "4.8"]
[White "Siska, Kristof"]
[Black "Helbich, Branislav"]
[Result "1-0"]
[WhiteElo "1704"]
[BlackElo "1962"]
[PlyCount "59"]
[EventDate "2018.??.??"]
[WhiteTeam "SK Kupele Piestany"]
[BlackTeam "SK Doprastav"]

1. e4 e5 2. Nf3 Nc6 3. Bb5 Nf6 4. d3 d6 5. h3 a6 6. Ba4 b5 7. Bb3 Na5 8. O-O
Nxb3 9. axb3 Be7 10. b4 O-O 11. Nbd2 Re8 12. Nb3 h6 13. Be3 Bf8 14. Qe2 Be6 15.
Nfd2 d5 16. Bc5 dxe4 17. dxe4 Nd7 18. Ra5 Nxc5 19. Nxc5 Bc8 20. Ndb3 Qg5 21.
Qf3 Rd8 22. Rfa1 Qg6 23. Qc3 Qf6 24. Rxb5 axb5 25. Rxa8 Rd1+ 26. Kh2 Qxf2 27.
Qf3 Qg1+ 28. Kg3 Rd8 29. Ra1 Bxc5 30. bxc5 1-0

[Event "SR 2. liga A 2018/2019"]
[Site "?"]
[Date "2018.11.18"]
[Round "4.1"]
[White "Sosovicka, Jakub"]
[Black "Sosna, Jan"]
[Result "1/2-1/2"]
[WhiteElo "2058"]
[BlackElo "2352"]
[PlyCount "76"]
[EventDate "2018.??.??"]
[WhiteTeam "SK Krasnany"]
[BlackTeam "SK Skalica"]

1. e4 e5 2. Nf3 Nc6 3. Bc4 Bc5 4. c3 Nf6 5. d3 d6 6. O-O Bb6 7. a4 a6 8. Nbd2
O-O 9. h3 Ne7 10. Re1 Ng6 11. Nf1 Be6 12. Ba2 Re8 13. Ng3 h6 14. a5 Ba7 15. Be3
Bxe3 16. fxe3 d5 17. exd5 Bxd5 18. Bxd5 Qxd5 19. e4 Qc5+ 20. d4 exd4 21. cxd4
Qb5 22. Qd2 Qd7 23. Rac1 c6 24. Qb4 Qc7 25. e5 Nd5 26. Qd2 Qe7 27. Nf5 Qb4 28.
Qxb4 Nxb4 29. Rc3 Nd5 30. Rb3 Rab8 31. Nd6 Re7 32. Rc1 Rc7 33. g3 Nge7 34. Nd2
Nc8 35. N2e4 Na7 36. Nc3 Ne7 37. Nce4 Nd5 38. Nc3 Ne7 1/2-1/2